Normal view MARC view

Entry Meeting Name

Number of records used in: 1

001 - CONTROL NUMBER

  • control field: 22409

003 - CONTROL NUMBER IDENTIFIER

  • control field: OSt

005 - DATE AND TIME OF LATEST TRANSACTION

  • control field: 20211105134642.0

008 - FIXED-LENGTH DATA ELEMENTS

  • fixed length control field: 211105|| aca||aabn | a|a d

040 ## - CATALOGING SOURCE

  • Original cataloging agency: OSt
  • Transcribing agency: OSt

111 ## - HEADING--MEETING NAME

  • Meeting name or jurisdiction name as entry element: ISSI workshop
  • Location of meeting: Switzerland
  • Date of meeting or treaty signing: 1995 Nov. 6-10

670 ## - SOURCE DATA FOUND

  • Source citation: Work cat.: (OSt): ISSI workshop Switzerland 1995 Nov. 6-10, The heliosphere in the local interstellar medium, 1996

Powered by Koha